[Event "Vladimir Bato Kontic Memorial 2021"]
[Site "Niksic"]
[Date "2021.04.16"]
[Round "1.1"]
[White "Nikcevic, Nebojsa"]
[Black "Sanal, Vahap"]
[Result "1-0"]
[WhiteElo "2393"]
[BlackElo "2572"]
[Annotator "TA"]
[PlyCount "79"]
[EventDate "2021.04.17"]
[EventType "swiss"]
[EventCountry "MNE"]

{[%evp 18,79,18,13,28,22,61,18,25,17,83,81,96,94,91,91,133,121,153,167,189,178,193,176,225,188,230,220,225,213,245,255,244,253,289,272,289,291,318,330,371,259,302,175,254,240,427,420,419,408,449,445,489,499,506,501,637,662,645,629,694,677,692,616]} 1. Nf3 d5 2. d4 Nf6 3. c4 e6 4. Nc3 Be7 5. Bg5 h6 6. Bh4 O-O 7. e3 Ne4 8. Bxe7 Qxe7 9. Rc1 Nxc3 10. Rxc3 dxc4 {D56: Queen's Gambit Declined: Lasker Defence.} 11. Bxc4 b6 12. Qc2 Bb7 {The position is equal.} 13. Be2 {[#]} c6 $146 (13... Rc8 $11) ({Predecessor:} 13... Rc8 14. O-O c5 15. dxc5 Rxc5 16. Rxc5 bxc5 17. Ne5 Qg5 18. Bf3 Bxf3 19. Nxf3 Qf5 {1-0 (27) Kupreichik,V (2500)-Barth,N (2190) Regensburg 1997}) 14. Ne5 $16 {Black is now going downhill.} Na6 15. Bxa6 ({Much worse is} 15. Nxc6 $6 Bxc6 16. Bxa6 (16. Rxc6 $2 Nb4 $19 {[%mdl 64] Double Attack}) 16... Bxg2 $11) 15... Bxa6 16. Nxc6 Qh4 17. Ra3 Bb5 {Strongly threatening ...Bxc6.} 18. Nxa7 Bd7 {[#]} 19. O-O $1 Rfd8 20. Rc1 Kh8 21. Qe2 e5 22. dxe5 Qb4 23. Rb3 Qa4 24. Nb5 Qxa2 25. Nd4 Rac8 26. Rxc8 Rxc8 27. h3 Rc1+ 28. Kh2 Qb1 29. e6 fxe6 {[#] Threatens to win with ...e5.} 30. Qd3 ({Don't play} 30. Rxb6 e5 $18) (30. Qh5 $142) 30... Rh1+ (30... Qxd3 $142 31. Rxd3 Rc5) 31. Kg3 $18 Be8 $2 (31... Qxd3 32. Rxd3 Kh7) 32. Qxb1 Rxb1 33. Rxb6 {[%mdl 4096] Endgame KRB-KRN} e5 34. Nf3 {White is clearly winning.} Kh7 35. Nxe5 Ba4 36. h4 Bc2 37. f3 Ra1 38. e4 Bd1 39. Kf4 h5 40. Nf7 {Weighted Error Value: White=0.14/Black=0.39} 1-0

[Event "Vladimir Bato Kontic Memorial 2021"]
[Site "Niksic"]
[Date "2021.04.16"]
[Round "1.2"]
[White "Basso, Pier Luigi"]
[Black "Krivokapic, Marko"]
[Result "1/2-1/2"]
[WhiteElo "2552"]
[BlackElo "2380"]
[Annotator "TA"]
[PlyCount "137"]
[EventDate "2021.04.17"]
[EventType "swiss"]
[EventCountry "MNE"]

{[%evp 18,137,15,0,22,33,25,39,35,29,36,30,31,32,32,40,100,92,83,89,152,-32,0,-118,0,0,0,0,0,0,0,0,0,0,0,0,0,0,0,0,0,0,0,0,0,0,0,0,0,0,0,-8,0,0,0,-12,0,0,0,-77,0,-8,0,-70,0,0,0,0,0,0,0,0,0,0,0,0,0,0,0,0,0,0,0,0,0,0,0,0,0,0,0,0,0,0,0,0,0,0,0,0,0,-3,0,0,0,0,0,0,0,0,0,-7,0,0,0,0,0,0,0,0,0,0]} 1. d4 Nf6 2. c4 e6 3. Nc3 d5 4. Nf3 dxc4 5. e4 Bb4 6. Bg5 c5 7. Bxc4 cxd4 8. Nxd4 Bxc3+ 9. bxc3 Qa5 10. Bb5+ Bd7 {D39: Queen's Gambit Declined: Ragozin Defence with 5 Bg5 dxc4.} 11. Bxf6 gxf6 12. Bxd7+ {Nowadays more popular than 12.Qb3.} Nxd7 {White is slightly better.} 13. O-O a6 14. Rb1 Qc7 15. Qh5 Qe5 16. Qh4 Nc5 {[#]} ({Better is} 16... Qc7 $14) 17. f4 $1 $16 {[%cal Rf4e5]} Qxe4 18. Rfe1 Qd5 {[#]} (18... Qg6 $142) 19. f5 $146 (19. Qxf6 $16 Rg8 20. g3) ({Predecessor:} 19. Qxf6 Rg8 20. Rb2 Ne4 21. Qh4 Nxc3 22. f5 Rd8 23. Rd2 Rxg2+ 24. Rxg2 Qxd4+ 25. Qxd4 Rxd4 26. fxe6 fxe6 {1-0 (32) Kozul,Z (2588)-Diermair,A (2361) Graz 2009}) 19... Rg8 $36 {[%csl Gg8][%cal Rd5g2][%mdl 2048] Black fights for an advantage.} 20. g3 (20. Re2 $11) 20... O-O-O ({Black should play} 20... e5 $17 {aiming for ...0-0-0.} 21. Rbd1 O-O-O) 21. fxe6 $11 Nxe6 22. Nxe6 fxe6 23. Qxf6 Qc5+ 24. Qf2 Qxf2+ 25. Kxf2 {[%mdl 4096] Endgame KRR-KRR} Rd2+ 26. Re2 $1 {[%cal Re2d2]} Rxe2+ 27. Kxe2 {KR-KR} Kc7 28. Rb4 Rg5 29. Rf4 h5 30. Rf7+ Kc6 31. Rh7 Ra5 32. Ke3 b6 33. c4 Kd6 34. Ke4 Rg5 35. Kd4 Ra5 36. a3 Rg5 37. Kc3 Rf5 38. Kb4 {[#]} (38. Rh6 $11 {keeps the balance.}) 38... Kc6 (38... a5+ $1 $17 39. Ka4 Kc5) 39. Re7 (39. Kc3 {with more complications.} Ra5 40. Kb4 Rf5) 39... Kd6 (39... a5+ $11 40. Kc3 e5) 40. Rh7 $15 Kc6 (40... a5+ $1 $15 41. Ka4 Kc5) 41. Kc3 $11 {The position is equal.} Ra5 42. a4 Kd6 43. Rh8 Kc6 44. Kb3 Rf5 45. Kc3 Rf3+ 46. Kd4 Rf5 47. Rh6 Kd6 48. Rh7 (48. Kc3 {is more complex.} Rf3+ 49. Kd4 Rf5) 48... Ra5 49. Kc3 Kc6 50. Rh8 Kd6 51. Kb4 Rf5 52. Kc3 Ra5 53. Rh6 Rf5 54. Rh7 Ra5 (54... Rf3+ {keeps more tension.} 55. Kd4 Rf5 56. Rh6 Ra5 57. Kc3) 55. Rh8 Kc6 56. Rh7 Kd6 57. Kb3 Rf5 58. Kc3 Ra5 (58... Rf3+ {feels hotter.} 59. Kd4 Rf5 60. Rh6 Ra5 61. Kc3) 59. Rh8 Kc6 60. Rh6 Kd6 61. Rh7 Kc6 62. Rh8 Kd6 63. Kb3 Rf5 64. Kb4 Kc6 65. Kc3 Ra5 66. Kb3 Rf5 67. Kc3 Ra5 68. Kb3 Rf5 69. Kc3 {Weighted Error Value: White=0.15/Black=0.09} 1/2-1/2

[Event "Vladimir Bato Kontic Memorial 2021"]
[Site "Niksic"]
[Date "2021.04.16"]
[Round "1.3"]
[White "Runic, Zoran"]
[Black "Bogosavljevic, Boban"]
[Result "0-1"]
[WhiteElo "2378"]
[BlackElo "2523"]
[Annotator "TA"]
[PlyCount "112"]
[EventDate "2021.04.17"]
[EventType "swiss"]
[EventCountry "MNE"]

{[%evp 11,112,21,29,31,27,30,17,0,34,22,25,22,33,37,45,41,42,20,25,27,35,6,21,6,50,7,7,7,11,11,14,11,39,26,44,40,44,44,47,43,55,40,36,42,42,-2,-8,-8,-12,-10,-5,-4,47,59,60,54,54,47,65,35,59,0,16,0,0,0,0,-8,-8,-8,-17,-57,-22,-25,-15,-11,0,-42,-28,-62,-59,-78,-84,-89,-83,-144,-122,-363,-351,-368,-354,-528,-549,-29985,-29986,-29986,-737,-29987,-29988,-29997,-29998,-29998,-29999]} 1. e4 c5 2. Nf3 e6 3. b3 Nc6 4. Bb2 d6 5. d4 cxd4 6. Nxd4 Bd7 7. c4 {B50: Sicilian: 2...d6, Miscellaneous.} Nf6 8. Nc3 Qa5 9. Qd2 {The position is equal.} a6 {[#]} 10. Nc2 $146 ({Predecessor:} 10. Be2 Qe5 11. Nxc6 Bxc6 12. Nd5 Qxe4 13. f3 Qh4+ 14. g3 Ne4 15. gxh4 Nxd2 16. Nc7+ {1-0 (32) Rothebarth,A (2120)-Hille,W (1898) Caioba 2017}) 10... Be7 11. Be2 O-O 12. O-O Rac8 13. Rfd1 Rfd8 14. Rac1 Be8 15. a3 Qb6 16. b4 Ne5 17. Ne3 Bc6 18. Qd4 (18. Ncd5 $5 exd5 19. Bd4 $14) 18... Qxd4 19. Rxd4 h5 20. f3 h4 21. Kf2 Be8 22. Rcd1 Nc6 23. R4d2 Ne5 24. f4 Ng6 25. g3 b5 26. Rd4 {[%cal Rc4b5]} Rb8 27. cxb5 axb5 28. e5 (28. R4d2 {is interesting.} Bc6 29. Bf3 Rdc8 30. Ng4 Nxg4+ 31. Bxg4 Nf8 32. Rc1) 28... dxe5 29. Rxd8 Bxd8 30. fxe5 hxg3+ 31. hxg3 Nd7 (31... Nxe5 $11 32. Nxb5 Ne4+ 33. Kg2 Bf6) 32. Nxb5 $14 Ndxe5 33. Nd6 Ba4 34. Rc1 Bf6 35. Bc3 Rd8 36. Ne4 Be7 $1 37. Be1 Nd3+ 38. Bxd3 Rxd3 39. Rc3 Rd8 40. Nc5 Be8 41. Nc4 Bf6 {Hoping for ...Bd4+.} 42. Rc1 Ne7 43. Bd2 Nf5 44. Bc3 {next Bxf6 is good for White.} (44. g4 $5 {[%cal Rg4f5]} Bh4+ 45. Kg2 $11) 44... Bg5 45. Re1 Bb5 46. Nb2 Bd2 47. Rd1 Be3+ 48. Kf3 (48. Ke1 $142 Rc8 49. a4 Bxc5 50. bxc5) 48... Bc6+ 49. Kg4 $2 {[#] White does not recover from this.} (49. Ke2 $17 Rxd1 50. Kxd1) 49... Ra8 $1 $19 50. Ra1 f6 {Strongly threatening ...Kf7.} 51. Nxe6 {[#]} (51. Nc4 {is the only way for White.} Bf2 52. Be1) 51... Nh6+ $1 52. Kh5 Bf3+ 53. Kg6 Be4+ 54. Kh5 Kf7 {Black mates.} 55. Nc4 Bf3+ 56. Kh4 Nf5+ {Weighted Error Value: White=0.34/Black=0.07} 0-1

[Event "Vladimir Bato Kontic Memorial 2021"]
[Site "Niksic"]
[Date "2021.04.16"]
[Round "1.4"]
[White "Suleymanli, Aydin"]
[Black "Tomic, Aleksandar"]
[Result "1-0"]
[WhiteElo "2520"]
[BlackElo "2377"]
[Annotator "broadcasts RC"]
[PlyCount "41"]
[EventDate "2021.04.17"]
[EventType "swiss"]
[EventCountry "MNE"]
[TimeControl "40/5400+30:1800+30"]

1. d4 {[%emt 0:00:00]} Nf6 {[%emt 0:04:04]} 2. c4 {[%emt 0:00:00]} e6 {[%emt 0:04:44]} 3. Nc3 {[%emt 0:00:00]} Bb4 {[%emt 0:00:33]} 4. f3 {[%emt 0:00:36]} c5 {[%emt 0:00:50]} 5. d5 {[%emt 0:00:06]} O-O {[%emt 0:00:47]} 6. e4 {[%emt 0:00:32]} b5 {[%emt 0:02:53]} 7. Nh3 {[%emt 0:01:11]} bxc4 {[%emt 0:08:31]} 8. Bxc4 {[%emt 0:00:16]} exd5 {[%emt 0:01:16]} 9. Bxd5 {[%emt 0:00:07]} Nxd5 {[%emt 0:00:59]} 10. Qxd5 {[%emt 0:00:08]} Qb6 {[%emt 0:03:03]} 11. O-O {[%emt 0:00:51]} Nc6 {[%emt 0:23:34]} 12. Be3 {[%emt 0:04:04]} d6 {[%emt 0:11:40]} 13. Nf4 {[%emt 0:03:20]} Re8 {[%emt 0:09:12]} 14. Qg5 {[%emt 0:26:04]} Bxc3 {[%emt 0:03:51]} 15. bxc3 {[%emt 0:00:12]} Ne5 {[%emt 0:00:40]} 16. Nd5 {[%emt 0:14:29]} Qd8 {[%emt 0:00:36]} 17. Qg3 {[%emt 0:00:07]} Be6 {[%emt 0:02:54]} 18. Bg5 {[%emt 0:01:39]} Qd7 {[%emt 0:17:22]} 19. Nf6+ {[%emt 0:00:30]} gxf6 {[%emt 0:00:15]} 20. Bxf6+ {[%emt 0:00:05]} Bg4 {[%emt 0:01:44]} 21. Qh4 {[%emt 0:03:18]} 1-0

[Event "Vladimir Bato Kontic Memorial 2021"]
[Site "Niksic"]
[Date "2021.04.16"]
[Round "1.5"]
[White "Potpara, Nikola"]
[Black "Dardha, Daniel"]
[Result "1/2-1/2"]
[WhiteElo "2370"]
[BlackElo "2516"]
[Annotator "TA"]
[PlyCount "170"]
[EventDate "2021.04.17"]
[EventType "swiss"]
[EventCountry "MNE"]

{[%evp 9,170,6,16,12,10,17,12,-15,-9,-14,-15,-19,-22,-23,-9,-17,0,-25,-20,-11,-13,-29,-35,-37,-26,-39,-39,-56,-56,-52,-56,-56,-48,-60,0,0,40,50,60,68,57,0,5,0,0,0,0,0,0,0,0,0,56,0,101,58,73,80,80,34,81,99,101,87,88,63,70,70,70,56,56,56,70,56,70,70,70,63,70,56,56,56,56,56,56,41,49,49,100,56,57,49,49,50,70,70,70,70,70,70,70,70,70,70,70,70,70,70,70,70,70,70,70,70,70,70,70,70,70,0,70,70,70,70,70,70,70,70,70,70,70,70,70,70,70,70,70,70,70,63,70,70,70,70,70,70,70,70,70,70,70,63,63,63,63,27,27,27,27,20,27,17,27]} 1. c4 b6 2. Nc3 Bb7 3. e4 e5 4. g3 Bc5 5. Bg2 Ne7 6. Nge2 {A10: English Opening: Unusual Replies for Black.} Nbc6 {[%cal Bb8c6,Bc6d4,Bd4e2][%mdl 32]} 7. a3 a5 8. Na4 d6 9. d3 {[#]} Nd4 $146 ({Predecessor:} 9... Qd7 10. Nxc5 dxc5 11. Nc3 Nd4 12. Nd5 Nxd5 13. cxd5 c6 14. dxc6 Bxc6 15. a4 O-O {0-1 (37) Piorun,K (2611)-Meier,G (2626) Moscow 2019}) 10. Rb1 Nxe2 11. Qxe2 O-O 12. O-O Qd7 13. b3 Nc6 14. Nc3 Nd4 15. Qd1 b5 16. b4 axb4 17. axb4 Ba7 18. Be3 Ba6 19. Ra1 Bb6 20. Nd5 bxc4 21. Qh5 Qd8 (21... cxd3 $15 22. Nf6+ gxf6) 22. Nxb6 $11 cxb6 (22... g6 {is interesting.} 23. Nxa8 gxh5 24. Rxa6 c3 25. Bxd4 exd4 26. Rfa1 Qb8) 23. Bxd4 exd4 24. Qd5 {aiming for b5.} Qc7 ({Avoid the trap} 24... cxd3 $2 25. b5 $18) 25. e5 (25. Rfc1 $14) 25... dxe5 {[#] Strongly threatening ...c3.} 26. b5 Rad8 27. bxa6 Rxd5 28. Bxd5 Qa7 (28... cxd3 $5 29. a7 $8 g6 $11) 29. dxc4 Rc8 30. Rfe1 d3 ({Black should play} 30... Re8 $11) 31. Bb7 (31. Rxe5 $14 Kf8 32. Ree1) 31... Re8 (31... Rxc4 $11 {keeps the balance.} 32. Rxe5 Kf8) 32. Rad1 g6 33. Rxd3 Re7 34. Rde3 Rxb7 35. axb7 Qxb7 36. Rxe5 $14 {[%mdl 4096] Endgame KQ-KRR} Qc6 37. Rb5 Qxc4 38. Rxb6 Qd5 39. Reb1 Kg7 40. R6b5 Qe4 41. R5b4 Qd3 42. h4 h6 43. Rb5 Qc2 44. Kg2 Qe4+ 45. Kh2 Qd4 46. R1b2 Qc3 47. R5b3 Qd4 48. Rb4 Qc3 (48... Qe5 $14) 49. Rb5 Qd4 50. Rc2 Qd3 51. Rbc5 Qe4 52. R2c4 Qe2 53. Rf4 {Threatens to win with Rc7!} Qe7 {[%cal Re7c5]} 54. Rc3 {Black must now prevent Rcf3.} h5 $1 55. Rcf3 f5 56. Re3 Qc5 57. Re6 Kf7 58. Ra6 Kg7 59. Raa4 Kh6 60. Rac4 Qb6 61. Rc2 (61. Rc8 {keeps more tension.} Qb7 62. Rh8+ Kg7 63. Re8 Kh6 64. Re2) 61... Qb3 62. Rc7 Qa2 63. Re7 Qd5 64. Rc7 Qa2 $1 65. Rcc4 Qd2 66. Rcd4 Qb2 67. Rd1 Qc2 68. Re1 Qd2 69. Re6 {[#] Rxf5 is the strong threat.} Kh7 70. Re7+ Kh6 71. Rb7 Qc2 72. Rb6 Kh7 73. Kg2 Qc5 74. Rfb4 Qd5+ 75. Kg1 Qd1+ 76. Kh2 Qf3 77. Rf4 Qd5 78. Rb2 Kh6 79. Rfb4 Qf3 80. Rd2 Qc3 81. Rbd4 f4 82. gxf4 {Hoping for f5.} Qf3 83. f5 Qxf5 84. Kg2 Qe5 85. Rb4 Qc3 {Weighted Error Value: White=0.10/Black=0.11} 1/2-1/2

[Event "Vladimir Bato Kontic Memorial 2021"]
[Site "Niksic"]
[Date "2021.04.16"]
[Round "1.6"]
[White "Djukic, Nikola"]
[Black "Injac, Teodora"]
[Result "1-0"]
[WhiteElo "2515"]
[BlackElo "2340"]
[Annotator "TA"]
[PlyCount "125"]
[EventDate "2021.04.17"]
[EventType "swiss"]
[EventCountry "MNE"]

{[%evp 17,125,0,0,0,0,0,0,0,0,0,0,0,0,-6,-10,-35,-23,-52,-50,-42,-44,-49,-49,-49,-49,-41,-41,-81,0,0,0,0,0,0,0,0,0,0,0,0,26,27,18,27,93,83,78,72,106,62,74,66,97,97,93,91,81,85,94,112,104,107,165,145,165,158,241,230,206,151,186,164,161,161,160,159,177,177,174,111,140,143,122,104,121,95,177,171,188,188,181,177,207,188,193,188,267,267,335,219,239,239,29975,29976,29976,29977,29977,29978,29978,29979]} 1. e4 c5 2. Nf3 d6 3. d4 cxd4 4. Nxd4 Nf6 5. Nc3 a6 6. Be2 e5 7. Nb3 Be7 8. O-O O-O 9. Kh1 Be6 10. f4 {B92: Sicilian Najdorf: 6 Be2.} Bd7 11. a4 Bc6 12. Bf3 {The position is equal.} b5 13. axb5 axb5 14. Rxa8 Bxa8 {[#]} 15. Qd3 $146 ({Predecessor:} 15. Nxb5 Bxe4 16. Bxe4 Nxe4 17. Nd2 Nxd2 18. Bxd2 Qd7 19. Nc3 Qb7 20. Bc1 Nc6 21. Nd5 {½-½ (33) Wuerschner,M (2431)-Tseng,W (2467) ICCF email 2017}) 15... b4 16. Na2 d5 17. fxe5 dxe4 18. Qxd8 Rxd8 19. exf6 exf3 20. gxf3 gxf6 21. Bd2 Nc6 22. Kg2 Na5 23. Bxb4 $11 Bxb4 24. Nxb4 Nxb3 25. cxb3 {[%mdl 4096] Endgame KRB-KRN} Rb8 26. Na6 Rxb3 27. Rf2 Kg7 28. Kg3 Rb5 29. Nc7 Rg5+ 30. Kf4 Bb7 {[#]} (30... Bc6 $11) 31. Ne8+ $1 $16 Kg6 32. Nd6 Bd5 33. b4 {Threatens to win with h4.} Be6 34. Ne4 Rf5+ 35. Ke3 Rb5 36. Rg2+ Kh6 37. Rb2 f5 38. Nc3 Rb8 39. b5 {[%cal Bb4b5,Bb5b6][%mdl 32]} Kg5 (39... Rc8 $16 {was called for.}) 40. b6 $18 Kf6 41. Kf4 h6 (41... Ke7 $16 42. Ke5 f6+ 43. Kf4 Bc8) 42. Ne2 Bd5 43. Nd4 Bb7 44. Nb3 Bxf3 45. Kxf3 {[#] Hoping for Nc5.} Rxb6 {KRN-KR} 46. Rb1 Kg5 47. Nd2 Rd6 48. Ke2 ({White should play} 48. Nc4 $18 Rd4 49. Ne5) 48... Kg4 49. Rg1+ Kf4 50. Rg3 Re6+ 51. Kf2 Rc6 (51... Ra6 $16 52. Rf3+ Kg5) 52. Rf3+ Ke5 53. Ra3 Rc2 54. Ke3 Kf6 55. Nf3 Rc6 56. Ra4 Rb6 (56... Rc1 {is a better defense.} 57. Ra6+ Kg7) 57. Kf4 Re6 58. Rc4 Re2 59. Rc6+ Re6 $2 (59... Kg7 $18 60. Kxf5 Re3) 60. Nd4 {White mates.} Rxc6 61. Nxc6 Kg6 62. Nd4 Kh5 63. Nxf5 {Weighted Error Value: White=0.08/Black=0.29} 1-0

[Event "Vladimir Bato Kontic Memorial 2021"]
[Site "Niksic"]
[Date "2021.04.16"]
[Round "1.8"]
[White "Draskovic, Luka"]
[Black "Sukovic, Andrej"]
[Result "1-0"]
[WhiteElo "2472"]
[BlackElo "2283"]
[Annotator "TA"]
[PlyCount "109"]
[EventDate "2021.04.17"]
[EventType "swiss"]
[EventCountry "MNE"]

{[%evp 9,109,14,18,8,28,26,48,20,55,0,23,23,24,9,35,31,33,34,40,17,21,23,28,31,27,8,25,27,23,22,59,45,76,68,87,93,85,72,87,50,81,82,109,71,77,28,95,31,22,20,19,0,0,0,-15,-16,11,8,208,194,192,114,135,110,160,71,75,96,339,336,381,319,239,213,289,282,260,168,159,168,153,170,162,175,445,458,514,511,507,507,472,375,399,387,554,539,554,524,780,786,29987,29988]} 1. e4 c5 2. Nf3 d6 3. Bb5+ Nd7 4. a4 a6 5. Be2 Ngf6 6. Nc3 {B51: Sicilian: Moscow Variation (3 Bb5+) without 3...Bd7.} g6 7. a5 e5 8. O-O {White is slightly better.} Bg7 9. Bc4 (9. d3 $14) 9... O-O 10. d3 Nb8 {[#]} 11. Bg5 $146 ({Predecessor:} 11. Bd2 Nc6 12. Nd5 Nxd5 13. Bxd5 Be6 14. Bg5 Qd7 15. c3 h6 16. Bd2 Kh7 17. Qa4 {½-½ (52) Goryachkina,A (2478)-Nebolsina,V (2220) Sochi 2017}) 11... Nc6 (11... h6 $5 {[%cal Rh6g5]} 12. Bxf6 Bxf6 $14) 12. Nd5 Be6 13. Qd2 Kh8 14. Ne1 Bxd5 15. Bxd5 Qd7 16. Bxf6 Bxf6 17. c3 Rae8 18. Nc2 Ne7 19. Bb3 Bg7 20. Ne3 Rd8 21. Nd5 f5 22. Nxe7 Qxe7 23. Bd5 Bf6 24. Ra3 Bg5 25. Qe2 Qc7 26. Rb1 Rb8 27. g3 Qg7 {[#]} (27... f4 $11 {remains equal.}) 28. Kg2 ({Better is} 28. exf5 $1 $16 Rxf5 29. Rb3) 28... f4 $1 $14 {[%cal Rf4f3] Threatens to win with ...f3+.} 29. f3 h5 30. b4 cxb4 31. Rxb4 fxg3 32. hxg3 h4 33. Ra1 hxg3 $2 (33... Qf6 $11 {and Black is okay.}) 34. Rh1+ $18 Bh6 35. Rbb1 (35. Rb6 $18 Rf6 36. d4 (36. Kxg3 Rbf8 $14)) 35... Kh7 $16 36. Rh3 Rf6 37. Rbh1 (37. Rxg3 Qc7 $16) (37. Qe1 $142) 37... g5 38. Rxg3 Rf4 $2 {[#]} (38... Rg6 $16 39. Rg4 b5) 39. Be6 $1 $18 {[%cal Re6f5]} Qf6 40. Bf5+ Kg7 41. Qb2 Qd8 42. Qb3 {And now Rxh6! would win.} d5 43. Rgh3 Rh4 44. Qxd5 Qxd5 45. exd5 Kf6 46. Be4 $36 {[%mdl 2048] White is really pushing.} ({Don't take} 46. Rxh4 gxh4 47. Bg4 (47. Rxh4 $2 Bg5 $19) 47... Ke7 $16) 46... Rc8 $2 (46... b6 47. f4 (47. Rxh4 gxh4 48. Rxh4 Bf4 $16) 47... Rxh3 48. Rxh3 Bf8) 47. Rb1 Rxh3 48. Rb6+ Ke7 {White must now prevent ...Rh4.} 49. Kxh3 {[%mdl 4096] Endgame KRB-KRB} g4+ 50. Kxg4 Rg8+ 51. Kh5 Bd2 (51... Be3 {keeps fighting.}) 52. Rxb7+ Kd6 53. Rb6+ Kc5 54. Rxa6 Rc8 55. Rc6+ {Weighted Error Value: White=0.18/Black=0.54} 1-0

[Event "Vladimir Bato Kontic Memorial 2021"]
[Site "Niksic"]
[Date "2021.04.16"]
[Round "1.9"]
[White "Sahin, Ozgun"]
[Black "Plenca, Jadranko"]
[Result "1-0"]
[WhiteElo "2281"]
[BlackElo "2472"]
[Annotator "TA"]
[PlyCount "97"]
[EventDate "2021.04.17"]
[EventType "swiss"]
[EventCountry "MNE"]

{[%evp 10,97,75,38,41,27,18,28,45,37,41,50,43,28,64,72,70,63,67,58,59,56,61,47,62,69,68,55,241,33,60,0,225,224,302,311,309,303,293,287,210,174,130,80,68,75,72,64,121,125,132,141,233,217,275,279,288,281,283,285,253,258,293,310,389,385,380,368,373,324,327,337,354,328,330,322,327,314,772,761,733,727,698,614,612,615,2121,1959,1995,1973]} 1. e4 e5 2. Nf3 Nc6 3. d4 exd4 4. Nxd4 Nxd4 5. Qxd4 Ne7 6. Be3 Nc6 {C45: Scotch Game.} 7. Qd2 Bb4 8. c3 Be7 {White has an edge.} 9. Be2 O-O 10. O-O d6 11. c4 f5 12. exf5 Bxf5 13. Nc3 Qd7 14. Nd5 Rae8 {[#]} 15. Bh5 $146 ({Predecessor:} 15. Rad1 Ne5 16. Bd4 Bd8 17. Bc3 Bg4 18. f3 Bh5 19. Kh1 c6 20. Nb4 {1-0 (52) Khamrakulov,D (2524)-Saidov,B (2345) Tashkent 2009}) 15... g6 16. Be2 Bd8 17. Bh6 Rf7 18. Rfe1 Ne5 $2 ({Black should try} 18... Bh4 $14) 19. Rad1 $2 (19. f4 $1 $18) 19... Bh4 20. g3 (20. Bg5 $14 Bxg5 21. Qxg5) 20... Bd8 $2 {[#]} (20... Be4 $1 $11 21. Qe3 (21. gxh4 $2 Qh3 $19) 21... Bxd5 22. Rxd5 Rfe7 $1) 21. f4 $1 $18 Ng4 22. Bxg4 Bxg4 23. Rxe8+ Qxe8 24. Re1 Qc6 25. Qe3 {Threatening mate with Qe8+.} Bd7 26. h4 $40 {[%mdl 128] White goes for the king.} ({Don't play} 26. Qxa7 $6 Qxc4 27. Qa8 Rf8 $11) 26... Qc5 27. Qxc5 dxc5 28. Bg5 Bxg5 {White now steadily converts the win.} (28... c6 $14 29. Bxd8 cxd5) 29. hxg5 $14 {[%mdl 4096] Endgame KRB-KRN} c6 30. Nf6+ Kf8 (30... Kg7 $16) 31. Kf2 $18 a5 32. b3 b6 33. Rh1 Be6 34. Nxh7+ Ke7 35. Nf6 a4 36. Re1 axb3 37. axb3 Kd6 38. Rd1+ Ke7 39. Ra1 Kd8 40. Ra8+ Bc8 41. Ne4 Rd7 42. g4 Kc7 43. Ra7+ Bb7 $2 (43... Kd8 44. Ra8 Rd4) 44. f5 {White is clearly winning.} Kb8 45. Ra2 Bc8 46. Ke3 Rh7 47. Kf4 gxf5 48. gxf5 Rh4+ 49. Ke5 {Weighted Error Value: White=0.18/Black=0.35} 1-0

[Event "Vladimir Bato Kontic Memorial 2021"]
[Site "Niksic"]
[Date "2021.04.16"]
[Round "1.10"]
[White "Miletic, Vuk"]
[Black "Osmak, Iulija"]
[Result "0-1"]
[WhiteElo "2254"]
[BlackElo "2428"]
[Annotator "TA"]
[PlyCount "60"]
[EventDate "2021.04.17"]
[EventType "swiss"]
[EventCountry "MNE"]

{[%evp 15,60,13,17,8,11,10,4,0,12,9,25,15,23,-15,-12,-17,-14,-13,-8,-2,0,-48,-44,-52,-46,-60,-47,-56,-41,-38,-41,-105,-100,-208,-196,-223,-189,-185,-185,-419,-454,-443,-422,-29992,-29992,-29993,-133]} 1. d4 d5 2. Nf3 Nf6 3. e3 e6 4. Bd3 Be7 5. O-O b6 6. Nbd2 Bb7 7. b3 O-O 8. Bb2 Nbd7 9. Qe2 {D05: Colle System with ...e6.} Ne4 $1 {9...Ne4 scores better than 9...c5.} 10. c4 f5 11. cxd5 {The position is equal.} exd5 12. Ba6 Qc8 13. Bxb7 Qxb7 {[#]} 14. Nxe4 $146 ({Predecessor:} 14. Rac1 c5 15. Rfd1 Rad8 16. Nf1 Bf6 17. Ng3 g6 18. dxc5 bxc5 19. Bxf6 Ndxf6 20. Ne5 {0-1 (37) Renner,C (2420)-Nyback,T (2635) Germany 2010}) 14... fxe4 15. Ne5 Nxe5 16. dxe5 Qc8 17. f4 exf3 $1 18. Rxf3 Qe6 19. Raf1 c5 20. h3 Rxf3 21. Rxf3 Rf8 22. Rxf8+ Kxf8 23. Qa6 {[#]} (23. b4 $15) 23... Bg5 $1 $17 {[%cal Rg5e3]} 24. Qxa7 (24. Qf1+ $17 Qf7 25. Qd3) 24... Bxe3+ $19 25. Kh1 h6 26. Qb8+ Kf7 27. Qc7+ $2 (27. g4 {was necessary.}) 27... Kg8 {And now ...Qf5 would win.} 28. Qd8+ Kh7 {( -> ...Qf5)} 29. Bc3 {[#]} (29. Qf8 $19 d4 30. Qf3) 29... Qf7 30. Qh4 Qf1+ {Weighted Error Value: White=0.63/Black=0.04} 0-1